Advances in economic theory (Record no. 83737)
[ view plain ]
| 000 -LEADER | |
|---|---|
| fixed length control field | 00882nam a2200181 a 4500 |
| 008 - FIXED-LENGTH DATA ELEMENTS--GENERAL INFORMATION | |
| fixed length control field | 120416s1992 ||||||||||||||||| || u |
| 020 ## - INTERNATIONAL STANDARD BOOK NUMBER | |
| International Standard Book Number | 052148460x |
| 050 ## - LIBRARY OF CONGRESS CALL NUMBER | |
| Classification number | HB 21 Eco |
| 100 ## - MAIN ENTRY--PERSONAL NAME | |
| Personal name | Laffont, Jean-Jaques |
| 245 10 - TITLE STATEMENT | |
| Title | Advances in economic theory |
| Statement of responsibility, etc. | edited by Jean-Jacques Laffont |
| 246 ## - | |
| -- | Sixth World Congress |
| 260 ## - PUBLICATION, DISTRIBUTION, ETC. | |
| Place of publication, distribution, etc. | Cambridge |
| Name of publisher, distributor, etc. | The University Press |
| Date of publication, distribution, etc. | 1992 |
| 300 ## - PHYSICAL DESCRIPTION | |
| Extent | 2 Vol. |
| 350 ## - | |
| -- | 0.00 |
| 995 ## - | |
| -- | ANNEX COLLECTION (Main Library) |
| -- | 0.00 |
| -- | 029352 |
| -- | CBU-MAIN LIBRARY (Kitwe) |
| -- | 1 |
| -- | 35.00 |
| -- | HB 21 Eco |
| -- | AVAILABLE |
| -- | 029352 |
| -- | Annex Low-Usage Collection |
| 995 ## - | |
| -- | MAIN LIBRARY OPEN ACCESS |
| -- | 0.00 |
| -- | 025860 |
| -- | CBU-MAIN LIBRARY (Kitwe) |
| -- | 2 |
| -- | 35.00 |
| -- | HB 21 Eco |
| -- | AVAILABLE |
| -- | 025860 |
| -- | Main Library Open Access Collection |
| 995 ## - | |
| -- | MAIN LIBRARY OPEN ACCESS |
| -- | 0.00 |
| -- | 026182 |
| -- | CBU-MAIN LIBRARY (Kitwe) |
| -- | 3 |
| -- | 35.00 |
| -- | HB 21 Eco |
| -- | AVAILABLE |
| -- | 026182 |
| -- | Main Library Open Access Collection |
| 999 ## - | |
| -- | 83737 |
| -- | 83737 |
| Withdrawn status | Lost status | Source of classification or shelving scheme | Damaged status | Not for loan | Permanent Location | Current Location | Shelving location | Date acquired | Total Checkouts | Full call number | Barcode | Date last seen | Copy number | Price effective from | Koha item type |
|---|---|---|---|---|---|---|---|---|---|---|---|---|---|---|---|
| CBU-MAIN LIBRARY, KITWE. | CBU-MAIN LIBRARY, KITWE. | 01/08/2024 | HB 21 Eco | 029352 | 01/08/2024 | 1 | 01/08/2024 | MONOGRAPH | |||||||
| CBU-MAIN LIBRARY, KITWE. | CBU-MAIN LIBRARY, KITWE. | 01/08/2024 | HB 21 Eco | 025860 | 01/08/2024 | 2 | 01/08/2024 | MONOGRAPH | |||||||
| CBU-MAIN LIBRARY, KITWE. | CBU-MAIN LIBRARY, KITWE. | 01/08/2024 | HB 21 Eco | 026182 | 01/08/2024 | 3 | 01/08/2024 | MONOGRAPH |